| Tag |
First Indicator |
Second Indicator |
Subfields |
| LEADER |
00000cam a2200000 a 4500 |
| 001 |
in00000090502 |
| 005 |
20151008063731.0 |
| 008 |
721128s1965 njuaf b 00110cengm |
| 010 |
|
|
|a 68022229
|
| 035 |
|
|
|a (OCoLC)00502324
|
| 035 |
|
|
|9 AAK2827AM
|
| 040 |
|
|
|a MSC
|c MSC
|d m.c.
|d TXA
|d UtOrBLW
|
| 049 |
|
|
|a TXAM [Also in] [Sp Coll]
|c 1 [950875]
|a TXAS
|c 2 [1701835], 3
|
| 050 |
0 |
0 |
|a PR4856
|b .A45 1965b
|
| 100 |
1 |
|
|a Kipling, Rudyard,
|d 1865-1936.
|
| 245 |
1 |
0 |
|a Rudyard Kipling to Rider Haggard :
|b the record of a friendship /
|c edited by Morton Cohen.
|
| 264 |
|
1 |
|a Rutherford [N.J.] :
|b Fairleigh Dickinson University Press,
|c [1965]
|
| 264 |
|
4 |
|c ©1965
|
| 300 |
|
|
|a xvi, 196 pages, 9 unnumbered leaves of plates :
|b illustrations ;
|c 24 cm.
|
| 336 |
|
|
|a text
|b txt
|2 rdacontent
|
| 337 |
|
|
|a unmediated
|b n
|2 rdamedia
|
| 338 |
|
|
|a volume
|b nc
|2 rdacarrier
|
| 500 |
|
|
|a Includes index.
|
| 504 |
|
|
|a Bibliographical footnotes.
|
| 600 |
1 |
0 |
|a Haggard, H. Rider
|q (Henry Rider),
|d 1856-1925.
|
| 700 |
1 |
|
|a Haggard, H. Rider
|q (Henry Rider),
|d 1856-1925.
|
| 700 |
1 |
|
|a Cohen, Morton Norton,
|d 1921-
|
| 999 |
|
|
|a MARS
|
| 999 |
f |
f |
|s 3deb78e4-4c1d-3161-b794-f83c9111cab2
|i 595f0351-cd07-32d9-b300-a3376fb6af18
|t 0
|
| 952 |
f |
f |
|p normal
|a Texas A&M University
|b College Station
|c Sterling C. Evans Library
|d Evans: Library Stacks
|t 0
|e PR4856 A45 1965b
|h Library of Congress classification
|i unmediated -- volume
|m A14803964030
|
| 952 |
f |
f |
|p noncirc
|a Texas A&M University
|b College Station
|c Cushing Memorial Library & Archives
|d Cushing: Science Fiction (Does not check out)
|t 0
|e PR4856 A45 1965b
|h Library of Congress classification
|i unmediated -- volume
|m A14806067170
|
| 952 |
f |
f |
|p noncirc
|a Texas A&M University
|b College Station
|c Cushing Memorial Library & Archives
|d Cushing: Literature/Kipling (Does not check out)
|t 0
|e PR4856 A45 1965b
|h Library of Congress classification
|i unmediated -- volume
|
| 952 |
f |
f |
|p noncirc
|a Texas A&M University
|b College Station
|c Cushing Memorial Library & Archives
|d Cushing: Literature/Haggard (Does not check out)
|t 0
|e PR4856 .A45 1965b
|h Library of Congress classification
|i unmediated -- volume
|
| 998 |
f |
f |
|a PR4856 A45 1965b
|t 0
|l Cushing: Literature/Kipling (Does not check out)
|
| 998 |
f |
f |
|a PR4856 A45 1965b
|t 0
|l Cushing: Science Fiction (Does not check out)
|
| 998 |
f |
f |
|a PR4856 .A45 1965b
|t 0
|l Cushing: Literature/Haggard (Does not check out)
|
| 998 |
f |
f |
|a PR4856 A45 1965b
|t 0
|l Evans: Library Stacks
|